|
|
|
|
| LEADER |
01202nam a2200289 a 4500 |
| 001 |
2379129 |
| 008 |
100111s1984 enk b 000 0 eng d |
| 010 |
|
|
|a 84200111
|
| 020 |
|
|
|a 0391029657 (US)
|
| 020 |
|
|
|a 0700701648 (UK)
|
| 040 |
|
|
|a DLC
|c DLC
|d DLC
|d BD-DhAAL
|
| 082 |
0 |
0 |
|a 305.4/0951
|2 19
|
| 100 |
1 |
|
|a Hemmel, Vibeke.
|
| 245 |
1 |
0 |
|a Women in rural China :
|b policy towards women before and after the Cultural Revolution /
|c Vibeke Hemmel and Pia Sindbjerg.
|
| 260 |
|
|
|a London :
|b Curzon Press ;
|a Atlantic Highlands, USA :
|b Humanities Press,
|c 1984.
|
| 300 |
|
|
|a x, 155 p. ;
|c 22 cm.
|
| 490 |
0 |
|
|a Studies on Asian topics,
|x 0142-6028 ;
|v no. 7
|
| 504 |
|
|
|a Bibliography: p. 145-155.
|
| 541 |
1 |
|
|e 00003493
|
| 650 |
|
0 |
|a Women
|x Government policy
|z China
|x History.
|
| 650 |
|
0 |
|a Women
|z China
|x Social conditions.
|
| 650 |
|
0 |
|a Rural women
|z China
|x History.
|
| 650 |
|
0 |
|a Women and socialism
|z China.
|
| 700 |
1 |
|
|a Sindbjerg, Pia.
|
| 852 |
4 |
|
|a Ayesha Abed Library
|j General Shelf.
|
| 999 |
|
|
|c 6872
|d 6872
|
| 952 |
|
|
|0 0
|1 0
|2 ddc
|4 0
|6 305_409510000000000_HEM_1984
|7 0
|9 7083
|a BRACUL
|b BRACUL
|c GEN
|d 2010-01-12
|g 0.00
|l 2
|o 305.40951 HEM
|p 3010003493
|r 2013-01-13
|s 2012-11-19
|t 1
|w 2010-01-12
|y BK
|z Not price in Register
|